[Event "Zadar op"]
[Site "Zadar"]
[Date "1998.??.??"]
[Round "4"]
[White "Loncar, Robert"]
[Black "Hrvacic, Pavle"]
[Result "1-0"]
[WhiteElo "2405"]
[BlackElo "2185"]

1.d4 d5 2.c4 c6 3.e3 Nf6 4.Nc3 e6 5.Nf3 Nbd7 6.Qc2 b6 7.Be2 Bb7 8.O-O Be7
9.b3 O-O 10.Bb2 Rc8 11.e4 dxe4 12.Nxe4 c5 13.Nxf6+ Bxf6 14.Rad1 Qc7 15.dxc5 bxc5
16.Bxf6 Nxf6 17.Nd2 Rfd8 18.Bf3 Kf8 19.Bxb7 Qxb7 20.Nf3 Ke7 21.Rde1 Qc7 22.Re5 h6
23.Rfe1 Ng4 24.R5e2 Nf6 25.h3 Rd6 26.Ne5 Rd4 27.Qc3 Kf8 28.b4 Rcd8 29.b5 R8d6
30.Nc6 Rd3 31.Qe5 Nd7 32.Qf5 g6 33.Qf4 Kg7 34.Qc1 Nb6 35.Qa1+ Kh7 36.Qf6 Nxc4
37.Ne7  1-0

[Event "Zadar op"]
[Site "Zadar"]
[Date "1998.??.??"]
[Round "6"]
[White "Loncar, Robert"]
[Black "Bukal, Vladimir Jr"]
[Result "1-0"]
[WhiteElo "2405"]
[BlackElo "2400"]

1.Nf3 d5 2.c4 c6 3.e3 Nf6 4.Nc3 e6 5.d4 Nbd7 6.Qc2 Bd6 7.Bd3 O-O 8.O-O e5
9.cxd5 cxd5 10.e4 dxe4 11.Nxe4 Nxe4 12.Bxe4 h6 13.Rd1 Qc7 14.Be3 exd4 15.Qxc7 Bxc7
16.Nxd4 Nf6 17.Nb5 Be5 18.Bf3 Bf5 19.Bd4 Bxd4 20.Rxd4 Bd7 21.Nd6 Bc6 22.Bxc6 bxc6
23.Rc1 Rab8 24.b3 Rb6 25.Kf1 Ra6 26.Rc2 Ra5 27.Nc4 Rd5 28.Rdd2 Rfd8 29.f3 Re8
30.Kf2 Red8 31.Re2 Nd7 32.Ne3 Re5 33.Red2 Ree8 34.Rxc6 Ne5 35.Rcd6 Rc8 36.Nf5 Ng6
37.Rd7 a5 38.Nd6 Ne5 39.Nxe8  1-0

[Event "Ardid mem 10th op"]
[Site "Zaragoza"]
[Date "1998.??.??"]
[Round "5"]
[White "Oms Pallise, Josep"]
[Black "Flores Escuin, Sadurni"]
[Result "1-0"]
[WhiteElo "2415"]
[BlackElo "2170"]

1.d4 d5 2.Nf3 Nf6 3.c4 c6 4.Nc3 e6 5.e3 Nbd7 6.Qc2 Bd6 7.g4 Nxg4 8.Rg1 Nxh2
9.Nxh2 Bxh2 10.Rxg7 Qf6 11.Rxh7 Nf8 12.Rxh8 Qxh8 13.Bd2 Qh4 14.e4 dxe4 15.Nxe4 Bf4
16.Bg2 Bd7 17.O-O-O b6 18.Rh1 Bxd2+ 19.Qxd2 Qe7 20.c5 Ng6 21.Rh7 Kd8 22.Nd6 Be8
23.Bxc6 Nf8 24.Rxf7 Bxf7 25.Bxa8 Bg6 26.Be4  1-0

[Event "Ardid mem 10th op"]
[Site "Zaragoza"]
[Date "1998.??.??"]
[Round "8"]
[White "Campos, Luis Maria"]
[Black "Ramiro Ovejero, Juan Luis"]
[Result "1/2-1/2"]
[WhiteElo "2340"]
[BlackElo "2165"]

1.d4 Nf6 2.c4 e6 3.Nc3 d5 4.Nf3 c6 5.e3 Nbd7 6.Qc2 Bd6 7.a3 O-O 8.Be2 dxc4
9.Bxc4 e5 10.O-O Qe7 11.h3 h6 12.Nh4 Nb6 13.Ng6 Qd8 14.Ba2 Re8 15.dxe5 Bxe5
16.Nxe5 Rxe5 17.e4 Re8 18.Bf4 Qe7 19.Rad1 Rd8 20.Rxd8+ Qxd8 21.Rd1 Qe8 22.e5 Nfd5
23.Nxd5 Nxd5 24.Bb1 Nxf4 25.Qh7+ Kf8 26.Qh8+ Ke7 27.Qxg7 Nd5 28.Rxd5 cxd5
29.Qf6+ Kf8 30.Qxh6+ Kg8 31.Bh7+ Kh8 32.Bf5+ Kg8 33.Qh7+ Kf8 34.Qh8+ Ke7
35.Qh4+ Kf8 36.Qh6+ Kg8 37.Qg5+ Kf8 38.Qh6+ Kg8 39.Bh7+ Kh8 40.Bd3+ Kg8 41.Qh7+ Kf8
42.Qh8+ Ke7 43.Qf6+ Kf8  1/2-1/2

[Event "Lohmar 9899"]
[Site "Lohmar"]
[Date "1999.01.01"]
[Round "7"]
[White "Lamprecht, Mark"]
[Black "Broehl, Stefan"]
[Result "1-0"]
[WhiteElo "2150"]
[BlackElo "2195"]

1.c4 c6 2.Nc3 d5 3.e3 Nf6 4.Nf3 e6 5.d4 Nbd7 6.Qc2 Bd6 7.e4 dxe4 8.Nxe4 Nxe4
9.Qxe4 Bb4+ 10.Bd2 Bxd2+ 11.Nxd2 c5 12.Qe3 cxd4 13.Qxd4 O-O 14.O-O-O e5 15.Qd6 Qa5
16.Kb1 Nf6 17.Nb3 Bf5+ 18.Bd3 Bxd3+ 19.Rxd3 Qa4 20.Rc1 Qe8 21.f3 e4 22.Re3 Rd8
23.Qf4 Rd3 24.Rxd3 exd3 25.Qd2 Qe5 26.g4 Rd8 27.Re1 Qc7 28.g5 Nh5 29.Qxd3 g6
30.Qe4 Qxh2 31.Qxb7 Qf2 32.Qe7 Rb8 33.Qe3 Qh4 34.Rc1 Nf4 35.Qxa7 Rd8 36.Qe7 Rb8
37.Rd1 Ne6 38.c5 Qf2 39.c6 Qxf3 40.Rc1 Qe4+ 41.Ka1 Rc8 42.Qd7 Rc7 43.Qd6 Qe3
44.Rd1 Rc8 45.Qd7 Rc7 46.Qd6 Rc8 47.Qe7 Qf3 48.Rc1 Rc7 49.Nd4 Qf4 50.Qe8+ Nf8
51.Rd1 Qxg5 52.Rf1 Qa5 53.Qe3 h5 54.a3 h4 55.Qf4 Rc8 56.Qxh4 Ne6 57.Nxe6 fxe6
58.Rh1 Kf8 59.Re1  1-0

[Event "Torneo de Pamplona 9th"]
[Site "Pamplona"]
[Date "1999.01.02"]
[Round "6"]
[White "Van Wely, Loek"]
[Black "Illescas Cordoba, Miguel"]
[Result "1/2-1/2"]
[WhiteElo "2635"]
[BlackElo "2605"]

1.d4 d5 2.c4 c6 3.Nc3 Nf6 4.Nf3 e6 5.e3 Nbd7 6.Qc2 Bd6 7.Bd3 O-O 8.O-O dxc4
9.Bxc4 b5 10.Be2 Re8 11.Rd1 Qc7 12.b3 e5 13.h3 Bb7 14.Bb2 a6 15.dxe5  1/2-1/2

[Event "Rilton Cup 9899"]
[Site "Stockholm"]
[Date "1999.01.02"]
[Round "5"]
[White "Sjoberg, Mats"]
[Black "Khenkin, Igor"]
[Result "0-1"]
[WhiteElo "2385"]
[BlackElo "2600"]

1.d4 d5 2.c4 e6 3.Nc3 c6 4.e3 Nf6 5.Nf3 Nbd7 6.b3 Bd6 7.Bb2 O-O 8.Qc2 e5
9.cxd5 cxd5 10.Nb5 Bb4+ 11.Bc3 Bxc3+ 12.Nxc3 e4 13.Nd2 Nb8 14.h3 Nc6 15.a3 Ne8
16.Be2 Qg5 17.g3 Nf6 18.b4 h5 19.h4 Qf5 20.Qa4 Be6 21.b5 Ne7 22.Qb4 Rfe8
23.a4 Rac8 24.a5 Ng4 25.Bxg4 Qxg4 26.Qb2 Bd7 27.b6 a6 28.Nb3 Qf3 29.Rg1 Bg4
30.Nc5 Nf5 31.Nxd5 Nxd4 32.exd4 e3 33.Nxe3 Rxe3+ 34.fxe3 Qxe3+ 35.Kf1 Bh3+
36.Rg2 Rc6 37.Qe2 Bxg2+ 38.Ke1 Qg1+ 39.Kd2 Qxd4+ 40.Nd3 Qxa1  0-1

[Event "Bad Zwesten op"]
[Site "Bad Zwesten"]
[Date "1999.01.03"]
[Round "3"]
[White "Ftacnik, Lubomir"]
[Black "Schuette, Marc"]
[Result "1-0"]
[WhiteElo "2585"]
[BlackElo "2265"]

1.d4 d5 2.c4 c6 3.Nc3 Nf6 4.e3 e6 5.Nf3 Nbd7 6.Qc2 Bd6 7.g4 h6 8.Rg1 dxc4
9.Bxc4 b5 10.Be2 a6 11.h4 Bb7 12.g5 hxg5 13.hxg5 Ng8 14.Ne4 Qe7 15.a4 Rh3
16.Bd2 c5 17.axb5 axb5 18.Rxa8+ Bxa8 19.dxc5  1-0

[Event "Lohmar 9899"]
[Site "Lohmar"]
[Date "1999.01.03"]
[Round "9"]
[White "Tuerk, Alexander"]
[Black "Fleischer, Uwe"]
[Result "1-0"]
[WhiteElo "2240"]
[BlackElo "2115"]

1.d4 d5 2.Nf3 Nf6 3.c4 e6 4.Nc3 c6 5.e3 Bd6 6.Bd3 Nbd7 7.e4 dxe4 8.Nxe4 Nxe4
9.Bxe4 Nf6 10.Bc2 O-O 11.O-O c5 12.Bg5 h6 13.Bh4 cxd4 14.Qxd4 Be7 15.Bxf6 Bxf6
16.Qe4 g6 17.h4 e5 18.Qe3 Bxh4 19.Qxh6 Bf6 20.Rfe1 Bg7 21.Qh2 Re8 22.Re3 Bg4
23.Be4 Bxf3 24.Rxf3 Qc7 25.Bd5 Re7 26.Qg3 e4 27.Rxf7 Qxg3 28.Rxe7+  1-0

[Event "Rilton Cup 9899"]
[Site "Stockholm"]
[Date "1999.01.03"]
[Round "6"]
[White "Tella, Jussi"]
[Black "Rylander, Dennis"]
[Result "1-0"]
[WhiteElo "2395"]
[BlackElo "2130"]

1.d4 d5 2.c4 c6 3.Nc3 Nf6 4.e3 e6 5.Nf3 Nbd7 6.Bd3 Bd6 7.O-O O-O 8.e4 dxc4
9.Bxc4 e5 10.Bg5 Qc7 11.h3 exd4 12.Bxf6 dxc3 13.Bxc3 Ne5 14.Bxe5 Bxe5 15.Qe2 Be6
16.Bxe6 fxe6 17.Rad1 Rad8 18.b3 Bf4 19.Qc4 Qf7 20.Rd3 Rxd3 21.Qxd3 Bc7 22.Rd1 Qe7
23.Qc4 Rd8 24.Rxd8+ Bxd8 25.g3 Bb6 26.Kg2 Qf6 27.h4 h6 28.Qe2 e5 29.h5 Bd4
30.Nh4 Kf7 31.Nf5 b5 32.Qd2 Qd8 33.f4 Qf6 34.fxe5 Bxe5 35.Qd7+ Kg8 36.Ne7+ Kh7
37.Qd8 Qe6 38.Ng6  1-0

[Event "Rilton Cup 9899"]
[Site "Stockholm"]
[Date "1999.01.04"]
[Round "7"]
[White "Degerman, Lars"]
[Black "Tella, Jussi"]
[Result "1/2-1/2"]
[WhiteElo "2500"]
[BlackElo "2395"]

1.d4 d5 2.c4 e6 3.Nc3 Nf6 4.Nf3 c6 5.e3 Nbd7 6.Qc2 Bd6 7.Bd3 O-O 8.O-O e5
9.cxd5 cxd5 10.e4 dxe4 11.Nxe4 Nxe4 12.Bxe4 h6 13.Rd1 exd4 14.Nxd4 Nf6 15.Bf3 Qa5
16.g3 Bg4 17.Bxg4 Nxg4 18.h3 Nf6 19.Nf5 Rac8 20.Qd3 Bc5 21.Qf3 Rcd8 22.Bxh6 gxh6
23.Nxh6+ Kg7 24.Nf5+ Kg6 25.Nh4+ Kg7 26.Nf5+ Kg6 27.Nh4+  1/2-1/2

[Event "Australian op"]
[Site "Suncoast"]
[Date "1999.01.04"]
[Round "3"]
[White "Chambers, Matthew"]
[Black "Solomon, Stephen J"]
[Result "0-1"]
[WhiteElo "2095"]
[BlackElo "2435"]

1.d4 d5 2.c4 e6 3.Nc3 c6 4.Nf3 Nf6 5.e3 Nbd7 6.Qc2 Bd6 7.Bd3 O-O 8.O-O dxc4
9.Bxc4 b5 10.Be2 Bb7 11.Rd1 b4 12.Ne4 Nxe4 13.Qxe4 Qe7 14.Ne5 f5 15.Qf4 c5
16.b3 cxd4 17.exd4 Nb6 18.Bb2 Nd5 19.Qd2 Rac8 20.Bc4 f4 21.Nf3 Rf6 22.Re1 Rh6
23.Re2 Nc3 24.Rae1 Rxc4  0-1

[Event "Bad Zwesten op"]
[Site "Bad Zwesten"]
[Date "1999.01.05"]
[Round "7"]
[White "Schumacher, Gottfried"]
[Black "Schuette, Marc"]
[Result "0-1"]
[WhiteElo "2187"]
[BlackElo "2265"]

1.d4 d5 2.c4 c6 3.Nc3 Nf6 4.e3 e6 5.Nf3 Nbd7 6.Be2 Bd6 7.O-O Qe7 8.b3 dxc4
9.bxc4 e5 10.a4 O-O 11.Qb3 e4 12.Nd2 c5 13.Ba3 b6 14.Rfd1 Bb7 15.Nb5 Bb8
16.Nf1 a6 17.Nc3 Ra7 18.Rab1 Rc8 19.Ng3 h5 20.Nxh5 Nxh5 21.Bxh5 Qh4 22.Bxf7+ Kxf7
23.g3 Qh5 24.dxc5 Ne5 25.h4 bxc5 26.Qb6 Bc6 27.Qxc5 Nf3+ 28.Kf1 Nh2+ 29.Ke1 Nf3+
30.Ke2 Ne5+ 31.Kf1 Qf3 32.Rxb8 Qh1+ 33.Ke2 Qf3+ 34.Ke1 Qh1+ 35.Kd2 Rd7+ 36.Kc2 Bxa4+
37.Rb3 Bxb3+ 38.Kxb3 Qxd1+ 39.Nxd1 Rxc5  0-1

[Event "Rilton Cup 9899"]
[Site "Stockholm"]
[Date "1999.01.06"]
[Round "9"]
[White "Hillarp Persson, Tiger"]
[Black "Johansson, Gunnar"]
[Result "1/2-1/2"]
[WhiteElo "2410"]
[BlackElo "2220"]

1.d4 d5 2.c4 c6 3.Nc3 Nf6 4.e3 e6 5.Nf3 Nbd7 6.Qc2 Bd6 7.g4 Nxg4 8.Rg1 Nxh2
9.Nxh2 Bxh2 10.Rxg7 Nf8 11.Rg2 Bc7 12.Bd2 Qe7 13.O-O-O Bd7 14.e4 dxc4 15.e5 f6
16.Ne4 fxe5 17.Bg5 Qf7 18.dxe5 Bxe5 19.f4 Bxf4+ 20.Kb1 Be5 21.Rf2 Qg6 22.Bxc4 b6
23.Bd3 Qg7 24.Be2 h5 25.Rdf1 c5 26.Rxf8+ Qxf8 27.Nd6+  1/2-1/2

[Event "ISR-chT"]
[Site "Israel"]
[Date "1999.01.08"]
[Round "1"]
[White "Soffer, Ram"]
[Black "Zoler, Dan"]
[Result "1/2-1/2"]
[WhiteElo "2520"]
[BlackElo "2500"]

1.d4 Nf6 2.c4 e6 3.Nf3 d5 4.Nc3 c6 5.e3 Nbd7 6.Bd3 dxc4 7.Bxc4 b5 8.Be2 Bb7
9.O-O Be7 10.a3 a5 11.Bd2 O-O 12.Qb3 Rb8 13.Qc2 b4 14.axb4 axb4 15.Na4 c5
16.dxc5 Nxc5 17.Nxc5 Bxc5 18.Qxc5 Bxf3 19.Bxf3 Qxd2 20.Qc1 Rfd8 21.Rd1 Qxc1
22.Raxc1 Rxd1+ 23.Bxd1 Kf8 24.Kf1 Ne8 25.Ke2 Ke7 26.Ba4 Nd6 27.Rc7+ Kf6 28.Kd3 Ra8
29.Bc6 Ra1 30.Bf3 Rb1 31.Rd7 Ke5 32.Ba8 g5 33.f3 Rc1 34.Kd2 Rc8 35.Bb7 Nc4+
36.Kc2 Rc5 37.Kb3 Nxe3 38.Rxf7 h5 39.g3 Nf5 40.Rh7 h4 41.gxh4 Nxh4 42.Be4 Rc1
43.Rg7 Rg1 44.Ba8 Nf5 45.Rg8 Kf4 46.Kxb4 Rg2 47.Kc3 Rxh2 48.b4 Ne7 49.Rf8+ Ke3
50.b5 Nd5+ 51.Bxd5  1/2-1/2

[Event "Bundesliga 9899"]
[Site "Germany"]
[Date "1999.01.09"]
[Round "7.4"]
[White "Wells, Peter K"]
[Black "Mueller, Matthias"]
[Result "1-0"]
[WhiteElo "2492"]
[BlackElo "2395"]

1.d4 d5 2.c4 e6 3.Nc3 c6 4.e3 Nf6 5.Nf3 Nbd7 6.Bd3 dxc4 7.Bxc4 b5 8.Bd3 a6
9.e4 c5 10.e5 cxd4 11.Nxb5 axb5 12.exf6 gxf6 13.O-O Qb6 14.Qe2 b4 15.Bf4 Bc5
16.Rfc1 Bb7 17.Bg3 h5 18.a4 Kf8 19.Bb5 Rd8 20.a5 Bxf3 21.gxf3 Qa7 22.Bxd7 Rxd7
23.Qb5 Be7 24.Rc8+ Kg7 25.Rxh8 Kxh8 26.Qxh5+ Kg8 27.Bf4 Rd5 28.Qg4+ Kf8 29.a6 Bd6
30.Bh6+ Ke7 31.Qg8 Bxh2+ 32.Kxh2 Rh5+ 33.Kg2 Rxh6 34.Qc8 Rg6+ 35.Kf1 Qb6
36.Qb7+  1-0

[Event "Bundesliga 9899"]
[Site "Germany"]
[Date "1999.01.09"]
[Round "7.3"]
[White "Kempinski, Robert"]
[Black "Proehl, Holger"]
[Result "1-0"]
[WhiteElo "2533"]
[BlackElo "2401"]

1.d4 d5 2.Nf3 Nf6 3.c4 e6 4.Nc3 c6 5.e3 Nbd7 6.Bd3 Bd6 7.O-O O-O 8.Qc2 dxc4
9.Bxc4 Qe7 10.Bd2 e5 11.h3 exd4 12.exd4 Nb6 13.Bd3 Nbd5 14.Rfe1 Qd8 15.a3 Nf4
16.Bf1 Ng6 17.Bc4 Bf4 18.Rad1 Bxd2 19.Qxd2 Ne7 20.Re5 Ned5 21.Bxd5 cxd5 22.Rde1 b6
23.Qf4 h6 24.g4 Be6 25.g5 Nd7 26.R5e3 h5 27.Qg3 g6 28.Nh4 Kh7 29.Ng2 Nb8
30.Nf4 Nc6 31.Rd1 Qd7 32.Qf3 Rad8 33.Kh2 Qd6 34.Qg3 Kg8 35.Nb5 Qd7 36.Nc3 Ne7
37.Re5 Nf5 38.Qf3 Rfe8 39.Ncxd5 Bxd5 40.Nxd5 Qd6 41.Nf6+ Kg7 42.Nxe8+ Rxe8
43.Kh1 Nxd4 44.Qf6+  1-0

[Event "Linares Anibal op"]
[Site "Linares"]
[Date "1999.01.09"]
[Round "2"]
[White "Yegiazarian, Arsen"]
[Black "Ramesh, RB."]
[Result "0-1"]
[WhiteElo "2500"]
[BlackElo "2365"]

1.c4 Nf6 2.Nc3 c6 3.d4 d5 4.e3 e6 5.Nf3 Nbd7 6.Qc2 Bd6 7.Be2 O-O 8.O-O dxc4
9.Bxc4 a6 10.Bd2 c5 11.a4 Qc7 12.Bd3 cxd4 13.exd4 b6 14.Ne4 Bb7 15.Nxd6 Qxd6
16.Be2 Rfc8 17.Qd1 Ng4 18.g3 Qd5 19.h3 Ngf6 20.Ra3 Ne4 21.Be3 Nd6 22.Kh2 Nc4
23.Rb3 Bc6 24.Rb4 b5 25.axb5 axb5 26.Ne1 Nf6 27.Rb3 Ra2 28.Bf3 Qd7 29.Nd3 Nd5
30.Qe2 Qd6 31.Rc1 Rf8 32.Ne5 Ndxe3 33.Bxc6 Nf5 34.Rxb5 Na5 35.Qe4 Nxd4 36.Rb6 Nab3
37.Rd1 Ra1 38.Rxa1 Nxa1 39.Ra6 Nab3 40.Bb7 Qb4 41.Nd3 Qc4 42.Rd6 f5 43.Qe3 Qc7
44.Rxd4 Nxd4 45.Bg2 Qd6 46.h4 Rb8 47.h5 h6 48.Ne5 Rb3 49.Qe1 Rb5 50.f4 Rxb2
51.Qa1 Qb8 52.Kh3 Ne2 53.Nc6 Qb3 54.Ne7+ Kh7  0-1

[Event "BL2-O9899"]
[Site "Germany"]
[Date "1999.01.10"]
[Round "4.3"]
[White "Pribyl, Martin"]
[Black "Arnold, Johannes"]
[Result "1/2-1/2"]
[WhiteElo "2355"]
[BlackElo "2325"]

1.Nf3 d5 2.c4 c6 3.e3 Nf6 4.Nc3 e6 5.d4 Nbd7 6.Bd3 dxc4 7.Bxc4 b5 8.Bb3 Be7
9.O-O Bb7 10.e4 b4 11.e5 bxc3 12.exf6 Bxf6 13.bxc3 O-O 14.Ba3 Re8 15.Rb1 c5
16.dxc5 Be4 17.Rc1 Qc7 18.Qd6 Rec8 19.Rfe1 Bxf3 20.gxf3 Nxc5 21.Qxc7 Rxc7
22.Bxc5 Rxc5 23.c4 Rd8 24.Rcd1 Rxd1 25.Rxd1 Rc7 26.Kf1 g6 27.Ke2 Kg7 28.h3 Be7
29.Rd4 Bc5 30.Rd8 Kf6 31.Kf1 h5 32.Kg2 Bb6 33.Rd1 Kg5 34.Kg3 Bc5 35.Ba4 Bb6
36.Bb5 Kf5 37.Rd7 Rxd7 38.Bxd7 Bc7+ 39.Kg2 Bd6 40.Be8 Kf6  1/2-1/2

[Event "BL2-S9899"]
[Site "Germany"]
[Date "1999.01.10"]
[Round "4.4"]
[White "Riedel, Wolfgang"]
[Black "Krockenberger, Martin"]
[Result "0-1"]
[WhiteElo "2365"]
[BlackElo "2298"]

1.d4 d5 2.c4 e6 3.Nc3 c6 4.e3 Nf6 5.Nf3 Nbd7 6.Qc2 Bd6 7.Bd2 O-O 8.O-O-O Qe7
9.e4 dxe4 10.Nxe4 Nxe4 11.Qxe4 f5 12.Qc2 c5 13.d5 e5 14.Ng5 Nf6 15.f3 h6
16.Nh3 Bd7 17.Re1 Rae8 18.Nf2 e4 19.f4 Qd8 20.g3 a6 21.Be3 Qa5 22.Be2 Qxa2
23.b3 Qa5 24.Kb2 Qc7 25.h4 b5 26.Ra1 bxc4 27.Bxc4 Bb5 28.Rhb1 Rb8 29.Kc1 Kh8
30.Qd2 Qf7 31.Nd1 Rfd8 32.Nc3 Qg6 33.Bf2 Qg4 34.Rxa6 Bxa6 35.Bxa6 Qf3 36.Be1 c4
37.bxc4 Bb4 38.Qd1 Qe3+ 39.Qd2 Qa7 40.Bb5 Qa5 41.Qc2 Ng4 42.Qb3 Bc5 43.Kd1 Qa7
44.Ke2 Bf2 45.Na2 Bxe1 46.Rxe1 Qf2+ 47.Kd1 e3 48.Qc2 Rxb5  0-1

[Event "Excelsior Cup"]
[Site "Goteborg"]
[Date "1999.01.10"]
[Round "4"]
[White "Marin, Mihail"]
[Black "Ziegler, Ari"]
[Result "1-0"]
[WhiteElo "2527"]
[BlackElo "2402"]

1.c4 c6 2.Nf3 d5 3.e3 Nf6 4.Nc3 e6 5.d4 Nbd7 6.Qc2 Bd6 7.Bd3 O-O 8.O-O h6
9.Rd1 e5 10.cxd5 cxd5 11.Nb5 Bb8 12.dxe5 Nxe5 13.Nbd4 Bg4 14.Be2 Qd6 15.g3 a6
16.Bd2 Re8 17.Bc3 Nxf3+ 18.Bxf3 Bxf3 19.Nxf3 Ne4 20.Qb3 Ba7 21.Rxd5 Qe6 22.Be5 Rac8
23.Rad1 f6 24.Bd4 Bb8 25.Bb6 Kh7 26.Nd4 Qh3 27.Qd3 Kh8 28.Qf1 Qxf1+ 29.Kxf1 Nd6
30.Ba7 Nc4 31.Bxb8 Rxb8 32.b3 Ne5 33.Rc1 Rbc8 34.Rdc5 Rxc5 35.Rxc5 Re7 36.Ke2 Kg8
37.h3 Rd7 38.f4 Ng6 39.h4 Kf7 40.h5 Ne7 41.b4 g6 42.hxg6+ Kxg6 43.a3 h5 44.Kf3 Kh6
45.Kf2 Kg6 46.Ke2 Kh6 47.Kf3 Kg6 48.Ke4 Kh6 49.a4 Kg6 50.a5 Kh6 51.Nf5+ Kg6
52.Nh4+ Kh6 53.Nf5+ Kg6 54.Nd4 Kh6 55.b5 axb5 56.Rxb5 Kg6 57.Rc5 Kh6 58.Nf5+ Kg6
59.Nxe7+ Rxe7+ 60.Kf3 Re8 61.Rb5 Ra8 62.e4 Ra6 63.Kg2 Rc6 64.Rb6  1-0

[Event "Tapolca op"]
[Site "Budapest"]
[Date "1999.01.11"]
[Round "4"]
[White "Nyaradi, Sandor"]
[Black "Papp, Gellert"]
[Result "0-1"]
[WhiteElo "2300"]
[BlackElo "2205"]

1.d4 d5 2.Nf3 Nf6 3.c4 c6 4.e3 e6 5.Nc3 Nbd7 6.a3 Ne4 7.Bd3 f5 8.Qc2 Bd6
9.O-O O-O 10.Ne1 Ndf6 11.f4 Bd7 12.Nf3 Ng4 13.Qb3 Nxc3 14.bxc3 b5 15.c5 Bc7
16.Bd2 Qe7 17.Ra2 a5 18.a4 Rfb8 19.Rb1 Nf6 20.Rab2 Ne4 21.Be1 Ra7 22.Qc2 Rab7
23.Qe2 Qe8 24.h3 Kf8 25.g4 Ke7 26.Bh4+ Kf8 27.Be1 Ke7 28.Bh4+ Kf8 29.Rb3  0-1

[Event "Linares Anibal op"]
[Site "Linares"]
[Date "1999.01.14"]
[Round "7"]
[White "Kazhgaleyev, Murtas"]
[Black "Ramesh, RB."]
[Result "1-0"]
[WhiteElo "2550"]
[BlackElo "2365"]

1.d4 d5 2.c4 c6 3.Nc3 Nf6 4.e3 e6 5.Nf3 Nbd7 6.Qc2 Bd6 7.Be2 O-O 8.O-O dxc4
9.Bxc4 a6 10.Bd3 h6 11.Bd2 Re8 12.Rad1 Qe7 13.Rfe1 c5 14.a4 b6 15.Ne4 Nxe4
16.Bxe4 Ra7 17.Bc3 Rc7 18.d5 exd5 19.Bxd5 Nf6 20.Qg6 Kf8 21.Bxf7 Bxh2+ 22.Kxh2 Qxf7
23.Qxf7+ Rxf7 24.Ne5 Ng4+ 25.Nxg4 Bxg4 26.f3 Bd7 27.Rd6 Bxa4 28.Rxb6 Bb5
29.e4 Rd7 30.e5 Rde7 31.f4 Rf7 32.Kg3 h5 33.Rg6 Bd3 34.Rd6 Bb5 35.Rd5 Re6
36.Rd6 Rxd6 37.exd6 h4+ 38.Kxh4 Rxf4+ 39.Kg5 Rf2 40.g4 Rf7 41.Re5 Rd7 42.Rxc5 Kf7
43.Be5 Rb7 44.Rc2 Ke6 45.Bf4 Bd3 46.Rc3 Rb5+ 47.Kh4 Rd5 48.Bg3 Rd4 49.Rc5 Bb5
50.Re5+ Kf6 51.Rf5+ Ke6 52.Rg5 Rd1 53.Re5+ Kf6 54.Rf5+ Ke6 55.Kg5 Rg1 56.Re5+ Kxd6
57.Rxb5+ Rxg3 58.Rb6+ Ke7 59.Rxa6 Rb3 60.Kg6 Rxb2 61.g5 Rb5 62.Ra7+ Kf8 63.Ra8+ Ke7
64.Rg8 Ra5 65.Rxg7+ Kf8 66.Rb7 Ra1 67.Rb8+ Ke7 68.Kg7 Ke6 69.g6 Ke7 70.Kg8 Rg1
71.g7 Rg2 72.Rb1 Ra2 73.Rh1 Kf6 74.Kh8  1-0

[Event "ISR-chT"]
[Site "Israel"]
[Date "1999.01.15"]
[Round "2"]
[White "Golod, Vitali"]
[Black "Rapoport, Igor"]
[Result "1-0"]
[WhiteElo "2555"]
[BlackElo "2295"]

1.d4 d5 2.c4 c6 3.Nf3 Nf6 4.Nc3 e6 5.e3 Nbd7 6.Qc2 Bd6 7.Bd3 O-O 8.O-O dxc4
9.Bxc4 e5 10.h3 Qe7 11.Bb3 Bc7 12.Bd2 h6 13.Nh4 Qd8 14.Rfe1 Nb6 15.dxe5 Nh7
16.Nf3 Re8 17.Bxf7+ Kxf7 18.Qxh7 Nc4 19.Qc2 Nxd2 20.Nxd2 Bxe5 21.Nc4 Qe7
22.Qb3 Kf8 23.Nxe5 Qxe5 24.Rad1 Be6 25.Qxb7 Rab8 26.Qxa7  1-0

[Event "Caribbean op"]
[Site "Port of Spain"]
[Date "1999.01.15"]
[Round "5"]
[White "Alvarez, Johan"]
[Black "Stripunsky, Alexander"]
[Result "0-1"]
[WhiteElo "2200"]
[BlackElo "2520"]

1.d4 d5 2.c4 c6 3.Nc3 Nf6 4.Nf3 e6 5.e3 Nbd7 6.Be2 Bd6 7.Qc2 O-O 8.O-O dxc4
9.Bxc4 b5 10.Bd3 Bb7 11.a4 b4 12.Ne4 Nxe4 13.Bxe4 f5 14.Bd3 c5 15.e4 cxd4
16.Ng5 Rc8 17.Bc4 Kh8 18.Qe2 fxe4 19.Bxe6 e3 20.Qh5 Nf6 21.Qh3 Rc5 22.Bf5 Bc8
23.Bxc8 Rxg5 24.f4 Rh5 25.Qe6 Re8  0-1

[Event "Hamburg IM"]
[Site "Hamburg"]
[Date "1999.01.20"]
[Round "11"]
[White "Gustafsson, Jan"]
[Black "Lamprecht, Frank"]
[Result "1/2-1/2"]
[WhiteElo "2410"]
[BlackElo "2395"]

1.d4 d5 2.c4 c6 3.Nc3 Nf6 4.e3 e6 5.Nf3 Nbd7 6.Bd3 Bd6 7.e4 dxe4 8.Nxe4 Nxe4
9.Bxe4 O-O 10.O-O h6 11.Bc2 e5 12.Re1 Bb4 13.Bd2 Bxd2 14.Qxd2 exd4 15.Qxd4 Nf6
16.Qc3 c5 17.Ne5 Be6 18.Ng6 Re8 19.Nf4 Qd6 20.Nxe6 Rxe6 21.Rxe6 Qxe6 22.Re1 Qd6
23.Bd1 Re8 24.Rxe8+ Nxe8 25.Bf3 b6 26.g3 Nc7 27.Kg2 Ne6 28.Bd5 Nc7 29.Bf3 Ne6
30.Qe3 Qd4 31.Qa3  1/2-1/2

[Event "Ubeda op"]
[Site "Ubeda"]
[Date "1999.01.21"]
[Round "2"]
[White "Bagaturov, Giorgi"]
[Black "Prasad, Devaki V"]
[Result "1-0"]
[WhiteElo "2540"]
[BlackElo "2405"]

1.d4 d5 2.c4 c6 3.Nf3 Nf6 4.Nc3 e6 5.e3 Nbd7 6.Bd3 dxc4 7.Bxc4 b5 8.Bd3 Bb7
9.O-O b4 10.Ne4 c5 11.Nxf6+ gxf6 12.e4 cxd4 13.Nxd4 a6 14.Be3 Bd6 15.Qh5 Nc5
16.Bc2 Rc8 17.Rfd1 Ke7 18.f3 Qc7 19.Qh4 Rhg8 20.Rac1 Qb8 21.Rd2 Nd7 22.Rcd1 Ne5
23.Bb3 Bc5 24.Kh1 Rc7 25.Bxe6 fxe6 26.Nc6+ Bxc6 27.Qxh7+  1-0

[Event "Copenhagen-ch"]
[Site "Copehagen"]
[Date "1999.01.23"]
[Round "2"]
[White "Olsen, Heini"]
[Black "Brinck Claussen, Bjorn"]
[Result "1/2-1/2"]
[WhiteElo "2315"]
[BlackElo "2330"]

1.d4 d5 2.Nf3 Nf6 3.c4 c6 4.Nc3 e6 5.e3 Nbd7 6.Qc2 Bd6 7.Bd3 O-O 8.O-O dxc4
9.Bxc4 e5 10.h3 Qe7 11.Bd2 h6 12.Nh4 Bc7 13.Nf5 Qd8 14.Bb3 exd4 15.exd4 Nb6
16.Rad1 Nbd5 17.Nxd5 Nxd5 18.Bxd5 cxd5  1/2-1/2

[Event "BCF-chT 98/99 (4NCL)"]
[Site "GBR"]
[Date "1999.01.25"]
[Round "6"]
[White "Anderton, David W"]
[Black "Haslinger, Stewart"]
[Result "1-0"]
[WhiteElo "2205"]
[BlackElo "2225"]

1.d4 d5 2.c4 e6 3.Nc3 c6 4.e3 Nf6 5.Nf3 Nbd7 6.Qc2 Bd6 7.b3 O-O 8.Be2 Re8
9.O-O Qe7 10.Rd1 b6 11.Bb2 Bb7 12.e4 Nxe4 13.Nxe4 dxe4 14.Qxe4 Nf6 15.Qh4 c5
16.Ne5 Qc7 17.Bf3 cxd4 18.Bxb7 Qxb7 19.Bxd4 Rad8 20.Nf3 Be7 21.Qh3 Qe4 22.Rac1 Rd7
23.Re1 Qf4 24.Be5 Qg4 25.Qxg4 Nxg4 26.Bg3 Red8 27.h3 Nf6 28.Ne5 Rd2 29.Nc6 R8d7
30.Nxe7+ Rxe7 31.a3 Rd3 32.b4 Rxa3 33.c5 bxc5 34.bxc5 Re8 35.c6 Rc8 36.c7 Rb3
37.Rb1 Rb6 38.Ra1 Rb7 39.Reb1 Rb6 40.Rd1 Nd5 41.Rxa7 Kf8 42.Rda1 Ke7 43.Ra8 Rxc7
44.Bxc7 Nxc7 45.R1a7 Rc6 46.Rc8 Kd7 47.Rh8 Ke7 48.Rxh7 Kf6 49.Rh8 Nd5 50.Rf8 Rc7
51.Rxc7 Nxc7 52.Rc8 Nd5 53.g3 Ne7 54.Rc4 e5 55.Kg2 Kg6 56.h4 f6 57.Kf3 Nf5
58.Rg4+ Kh5 59.Ra4 Kg6 60.Ke4 Nh6 61.f3 Nf5 62.h5+ Kg5 63.g4 Nh4 64.Ra6 Ng2
65.Ra7 Kh6 66.Ra8 Kh7 67.Ra2 Nf4 68.Kf5 Nh3 69.Ra3 Ng5 70.Rb3 Kh6 71.Rb8 Kh7
72.Rb3 Kh6 73.Re3 Kh7 74.Rc3 Kh6 75.f4 exf4 76.Kxf4 Kh7 77.Kf5 Nf7 78.Ke6 Nh6
79.Rg3 Kg8 80.Ke7 Nf7 81.Ra3 Ne5 82.Ra4 Kh7 83.Re4 Kh6 84.Kf8 Nd7+ 85.Kg8 f5
86.Re6+ Nf6+ 87.Rxf6+ gxf6 88.gxf5 Kxh5 89.Kf7 Kg5 90.Ke6  1-0

[Event "BCF-chT 98/99 (4NCL)"]
[Site "GBR"]
[Date "1999.01.25"]
[Round "6"]
[White "Flear, Glenn C"]
[Black "Kelly, Bryan"]
[Result "1/2-1/2"]
[WhiteElo "2450"]
[BlackElo "2405"]

1.d4 d5 2.c4 c6 3.Nc3 Nf6 4.e3 e6 5.Nf3 Nbd7 6.Qc2 Bd6 7.Bd2 O-O 8.O-O-O a6
9.e4 dxe4 10.Nxe4 Nxe4 11.Qxe4 c5 12.Bc3 Qe7 13.dxc5 Bxc5 14.Bd3 f5 15.Qe2 b5
16.Rhe1 Nb6 17.g4 bxc4 18.Bxf5 Na4 19.Bd4 c3 20.Qc4 Qb7 21.Bxc3 Nxc3 22.Qxc3 exf5
23.Qc4+ Kh8 24.Qxc5 Be6 25.Qa3 Bd5 26.Nd4 fxg4 27.Re7 Qb6 28.Nc2 Qc6 29.Qc3 Qxc3
30.bxc3 Rf7 31.Rxf7 Bxf7 32.Ne3  1/2-1/2

[Event "Ubeda op"]
[Site "Ubeda"]
[Date "1999.01.25"]
[Round "6"]
[White "Kazhgaleyev, Murtas"]
[Black "Prasad, Devaki V"]
[Result "1-0"]
[WhiteElo "2550"]
[BlackElo "2405"]

1.d4 d5 2.c4 c6 3.Nc3 Nf6 4.e3 e6 5.Nf3 Nbd7 6.Bd3 dxc4 7.Bxc4 b5 8.Bd3 Bb7
9.O-O b4 10.Ne4 Be7 11.Nxf6+ Nxf6 12.a3 bxa3 13.bxa3 O-O 14.Rb1 Qc8 15.e4 h6
16.Qe2 c5 17.dxc5 Bxc5 18.Bb2 Qd7 19.Rfc1 Rac8 20.Ne5 Qe7 21.Nc4 Ba8 22.e5 Qb7
23.Qf1 Ne4 24.Bd4 Qd5 25.Bxc5 Rxc5 26.Re1 Ng5 27.Re3 Qc6 28.h4 Nh7 29.Nd6 f5
30.Bc4 Qd7 31.Qd3 Kh8 32.Qd4 Ra5 33.Bb5 Bc6 34.Qb4 Rxb5 35.Nxb5 Qd5 36.f3 Rb8
37.Qd6 Rxb5 38.Rxb5 Qxb5 39.Rc3 Qb1+ 40.Kh2 Qe1 41.Qd8+ Nf8 42.Rxc6 Kh7 43.Qd4 Ng6
44.Rxe6 Nxh4 45.Qf4 g5 46.Qd4  1-0

[Event "Sydney Challenge op"]
[Site "Sydney"]
[Date "1999.01.27"]
[Round "3"]
[White "Caoili, Arianne"]
[Black "Dauvergne, Peter"]
[Result "1-0"]
[WhiteElo "2041"]
[BlackElo "2270"]

1.Nf3 d5 2.d4 c6 3.c4 Nf6 4.Nc3 e6 5.e3 Bd6 6.Qc2 Nbd7 7.Bd3 dxc4 8.Bxc4 O-O
9.O-O e5 10.a3 Qe7 11.Ba2 b6 12.Rd1 Bb7 13.e4 Rad8 14.Kh1 Bb8 15.Be3 Kh8
16.h3 exd4 17.Bxd4 c5 18.Bxf6 Nxf6 19.Rxd8 Rxd8 20.Re1 h6 21.Bb1 g6 22.Qc1 Kh7
23.Qc2 Re8 24.h4 Ng4 25.h5 Qf6 26.hxg6+ fxg6 27.Kg1 Ne5 28.Nxe5 Rxe5 29.Qd3 Bc6
30.g3 Rg5 31.Rd1 h5 32.Qd8 Qe5 33.Kf1 Rg4 34.Qf8 Bc7 35.Ba2 Qg7 36.Qc8 Rg5
37.Bg8+ Kh6 38.Be6 Re5 39.Kg1 Qe7 40.Bc4 Bxe4 41.f4 Rf5 42.Rd7 Bxf4 43.Qh8+  1-0